Vance Joy - Georgia (Full Lyrics) - Statistics

General Stats
  • This quiz has been taken 39 times
  • The average score is 212 of 296
Answer Stats
Answer % Correct
I
100%
I,
100%
I...
100%
and
94%
And
94%
my
94%
be?
88%
could
88%
Georgia
88%
it
88%
kiss
88%
lose
88%
me
88%
mind.
88%
mind
88%
mind,
88%
on
88%
The
88%
the
88%
to
88%
way
88%
you
88%
you,
88%
each
82%
easily
82%
is
82%
singing
82%
time.
82%
bold.
76%
elegant
76%
She
76%
up
76%
up.
76%
work
76%
behold,
71%
build
71%
it's
71%
its
71%
running
71%
something
71%
back
65%
bed,
65%
Calling
65%
come
65%
electricity
65%
like
65%
like.
65%
never
65%
oh, oh, oh, oh
65%
Oh, oh, oh, oh
65%
what
65%
wild
65%
your
65%
again,
59%
flames,
59%
generous
59%
innocent
59%
into
59%
love
59%
now
59%
Pulling
59%
remind
59%
though
59%
understood
59%
want
59%
worth
59%
you've
59%
at
53%
burning
53%
Don't
53%
Don't
53%
Eyes,
53%
gone
53%
gone,
53%
have
53%
I'm
53%
inside.
53%
let
53%
Lips,
53%
out
53%
out.
53%
out,
53%
see
53%
should
53%
soul
53%
steps.
53%
thought
53%
told
53%
wait.
53%
warm,
53%
was
53%
will
53%
finally
47%
stake
47%
stake,
47%
troubling
47%
Well
47%
won't
47%
worked
47%
Oh, oh, oh oh,
12%
Ooh, oh, oh, oh, oh
6%
No matching quizzes found
Score Distribution
Percent of People with Each Score
Percentile by Number Answered
Your Score History
You have not taken this quiz